000 nam a22 7a 4500
999 _c127519
_d127519
008 180126b xxu||||| |||| 00| 0 eng d
050 _aDT3324
_b.G635
100 _aCota, Goncalves J.
_938924
245 _aMitologia e direito consuetudinario dos indegenas de mocambique
_cGoncalves J. Cota
260 _aMozambique
_bImprensa Nacional de Mozambique
_c1944
300 _a260p. ;
_c22cm.
500 _aPhotocopy
650 _aEthnology
_zMozambique
_938166
942 _2lcc
_cMONOGRAPH